000 01334nam a2200277 4500
003 NUST
005 20260424115423.0
008 260424b |||||||| |||| 00| 0 eng d
040 _aNUST
_beng
_cNUST
_dNUST
_erda
050 _aHF5549.5.R4 M36 NKO
100 _aNkomo, Violet.
_eauthor.
245 _a Management of personnel records at Ekuphumuleni old people’s home, Bulawayo, Zimbabwe /
_cby Violet Nkomo.
260 _aBulawayo, Zimbabwe :
_bNational University of Science and Technology ,
_c©2022.
300 _aix, 66 pages :
_c31 cm.
_billustrations ;
336 _2rdacontent
_atext
_btxt
337 _2rdamedia
_aunmediated
_bn
338 _2rdacarrier
_avolume
_bnc
500 _aA research project submitted to the National University of Science and Technology in partial fulfilment of the Master of Science degree in Records and Archives Management.
501 _00(MSc in Records and Archives Management) National University of Science and Technology, 2022.
504 _aIncludes bibliographical references.
650 _aPersonnel records
_xManagement Case studies
_zZimbabwe.
650 _aOld age homes
_xAdministration
_zZimbabwe.
650 _a Ekuphumuleni Old People’s Home
_z(Bulawayo, Zimbabwe)
700 _aDr A Dube.
_esupervisor.
942 _2lcc
_n0
_c3HOUR
_hHF5549.5.R4 M36
_kHF
_m NKO
999 _c172781
_d172781